000085254 001__ 85254
000085254 005__ 20191118101530.0
000085254 037__ $$aTAZ-TFG-2019-2702
000085254 041__ $$aspa
000085254 1001_ $$aMuñoz Vidal, Beatriz
000085254 24200 $$aStudy of the oxidation of ammonia-methane mixtures as alternative fuel in combustion processes
000085254 24500 $$aEstudio de la oxidación de mezclas amoniaco-metano como combustible alternativo en procesos de combustión
000085254 260__ $$aZaragoza$$bUniversidad de Zaragoza$$c2019
000085254 506__ $$aby-nc-sa$$bCreative Commons$$c3.0$$uhttp://creativecommons.org/licenses/by-nc-sa/3.0/
000085254 520__ $$aActualmente, existe un problema con la emisión de contaminantes producida por el uso de combustibles fósiles. Es por ello que se están buscando alternativas de combustible, siendo el amoniaco una posible opción de combustible renovable alternativo basado en hidrógeno que se podría utilizar a gran escala.<br />El presente trabajo se basa en el análisis del proceso de combustión de mezclas de amoniaco y metano en un intervalo de temperaturas comprendido entre 600ºC y 1200ºC, variando la estequiometría, así como la relación NH3/CH4. <br />Además, se ha estudiado la influencia de las variables mencionadas sobre la formación de productos de reacción. Para ello se han realizado una serie de experimentos de conversión de amoniaco y metano, a escala de laboratorio, en un reactor de flujo situado en el interior de un horno eléctrico. Se ha analizado el efecto que tiene la temperatura de reacción y la estequiometría aire/combustible sobre el proceso de conversión de la mezcla NH3/CH4 y de la formación de los productos de la reacción, incluyendo los óxidos de nitrógeno NO, NO2 y N2O. <br />Los resultados obtenidos servirán para ampliar el conocimiento sobre la utilización de amoniaco más metano como alternativa a los combustibles tradicionales.<br /><br />
000085254 521__ $$aGraduado en Ingeniería de Tecnologías Industriales
000085254 540__ $$aDerechos regulados por licencia Creative Commons
000085254 700__ $$aAbián Vicén, María$$edir.
000085254 7102_ $$aUniversidad de Zaragoza$$bIngeniería Química y Tecnologías del Medio Ambiente$$cTecnologías del Medio Ambiente
000085254 7202_ $$aAlzueta Anía, Mª Uxué$$eponente
000085254 8560_ $$f699860@celes.unizar.es
000085254 8564_ $$s2957402$$uhttps://zaguan.unizar.es/record/85254/files/TAZ-TFG-2019-2702.pdf$$yMemoria (spa)
000085254 909CO $$ooai:zaguan.unizar.es:85254$$pdriver$$ptrabajos-fin-grado
000085254 950__ $$a
000085254 951__ $$adeposita:2019-11-18
000085254 980__ $$aTAZ$$bTFG$$cEINA
000085254 999__ $$a20190628180835.CREATION_DATE